00325nam a22001457a 4500003000400000008004100004022001800045082001400063100001400077245002600091250001200117260002500129300000800154650001700162OSt221230b ||||| |||| 00| 0 eng d a9788120333017 a658.4 SEC aSEN,Leena aCommunication Skillls aEd. 2nd aNew DelhibPHIc2019 a277 aGeneral Book